01142nam a2200289Ia 450000500170000000700030001700800410002002000180006102000360007904000350011504100080015004300120015808200220017010000360019224501140022825000220034226400570036430000620042133600270048333700330051033800280054349000700057152100530064165000630069465000380075770000570079520220317001319.0ta161108s2010 ck ao jr 000 0 spa d a9789584465269 a9789584465153 q(Obra completa) aCO-BoRNBPbspacCO-BoRNBPerda0 aspa as-ck---04a986.102bP65b2231 aPombo, Rafaeld1833-1912eautor10aBatalla de AyacuchocRafael Pombo ; concepción y dirección editorial Carlos Nicolás Hernández Camacho aPrimera edición 1aBogotábCarlos Nicolás Hernández Camachoc2010 a80 páginasbilustraciones, fotografías a colorc32 cm atextobtxt2rdacontent asin mediaciónbn2rdamedia avolumenbnc2rdacarrier aBiblioteca colombiana ilustrada. Bicentenario de la Independencia aRecomendado para un público mayor de 12 años17aPeruxHistoria yGuerra de Independencia 1808-18242ARMARC17aBatalla de Ayacuchoy18242ARMARC1 aHernández Camacho, Carlos Nicolásd1953-eeditor